Prowincje Ekwadoru (podział administracyjny) - Statystyki

Ogólne statystyki
  • Ten quiz został rozwiązany 10 razy
  • Średni wynik to 3 z 24
Odpowiedzi na mapie
Odpowiedzi zakodowano w zielono-czerwonej skali na mapie do tego quizu, zgodnie z poniższymi procentami.
 
Statystyki odpowiedzi
Powierzchnia km2 Ludność 2005 - 2010 Prowincja % Poprawnych
8,010 km² 25,000 Galápagos
71%
7,701 km² 626,857 Azuay
14%
3,254 km² 200,000 Bolívar
14%
6,000 km² 480,000 Chimborazo
14%
3,200 km² 350,000 Cotopaxi
14%
5,988 km² 525,000 El Oro
14%
15,573 km² 385,000 Esmeraldas
14%
20,902 km² 3,300,000 Guayas
14%
4,600 km² 350,000 Imbabura
14%
7,250 km² 750,000 Los Ríos
14%
18,939.6 km² 1,369,780 Manabí
14%
9,494 km² 2,400,000 Pichincha
14%
20,902 km² 301,168 Santa Elena
14%
3,369 km² 450,000 Tungurahua
14%
10,556 km² 76,000 Zamora-Chinchipe
14%
3,910 km² 200,000 Cañar
0%
3,605 km² 161,000 Carchi
0%
10,793 km² 440,000 Loja
0%
25,700 km² 100,000 Morona Santiago
0%
33,500 km² 150,000 Napo
0%
20,733 km² 86,500 Orellana
0%
29,500 km² 61,800 Pastaza
0%
3,805 km² 368,013 Santo Domingo de los Tsáchilas
0%
18,612 km² 145,000 Sucumbíos
0%
Nie znaleziono quizów pasujących do podanych kryteriów
Rozkład punktacji
Procent ludzi z każdym wynikiem
Percentyl według liczby udzielonych odpowiedzi
Twoja historia wyników
Nie rozwiązałeś tego quizu